000 00372 a2200157 4500
001 59676
020 _a9788508125081
040 _cAnchieta - Pituba
100 _aAlmeida, Lúcia Marina Alves de
240 1 0 _aTudo é geografia, 7º ano
_lpor
245 1 0 _aTudo é geografia, 7º ano
300 _a296
362 0 _a2010
650 4 _aGeografia e viagens
942 _cBK
999 _c59676
_d59676